000 00392nam a22001577a 4500
005 20200529114157.0
008 200529b xxu||||| |||| 00| 0 eng d
041 _aeng
082 _a340
100 _aBARE ACT
_95744
245 _aTHE INDIAN CHRISTIAN MARRIAGE ACT 1872 (15-1872)
260 _aDELHI
_bPROFESSIONAL BOOK PUBLISHERS
300 _a28; p
650 _aLAW
_95701
942 _cBK
999 _c6608
_d6606